000 00488nam a2200169Ia 4500
008 090711s9999 xx 000 0 und d
082 _b42727
100 _aपुरंदरे बाबासाहेब
245 _aरायगड
260 _c1972
300 _a107
600 _aपुरंदरे बाबासाहेब
630 _aरायगड
700 _aपुरंदरे बाबासाहेब
730 _aरायगड
942 _cBOOK
999 _c308890
_d308890